000 01396 a2200217 4500
001 31564
005 20260407155620.0
008 260407a1966 arg spa d
003 AR-UNSa-BCEJYS
040 _aAR-UNSa-BCEJYS
_bspa
_cAR-UNSa-BCEJYS
080 _a658
_xAdministración de empresas. Organización comercial
245 1 0 _aUn nuevo concepto de la dirección administrativa
250 _a2a. ed
264 1 _aBilbao :
_bEdiciones Deusto
_c1966
300 _a144 p.
_c25 cm.
505 _a1. Introducción - 2. Dirección administrativa centralizada: Necesidad, esperanza y lucha - 3. La necesidad de una dirección administtrativa de oficina y empleados - 4. Consejos para poner en práctica el nuevo concepto de dirección administrativa - 5. Perfil de organizacion de un director administrativo - 6. Organización de los servicios administrativos en la Bell Telephone - 7. Servicios de gestión en Westinghouse Electric Corporation - 8. Nuevo punto de vista sobre dirección administrativa - 9. La dirección administrativa en la división de de tratamiento de datos en IBM - 10. La dirección administrativa en Veterans Administration - 11. Cómo mejorar la administración: Diez lecciones sencillas de un especialista en sistemas
942 _cBK
590 _aniveau_biblio:m niveau_hierar:0
100 1 _aAmerican Mangement Association
700 1 _aZarca Stuyck, José Ignacio
999 _c2192
_d2192